Online
Catalog

Revista acna / (Record no. 60473)

MARC details
000 -CABECERA
campo de control de longitud fija 00959nas a2200241 i 4500
001 - NÚMERO DE CONTROL
campo de control 254990
005 - FECHA Y HORA DE LA ÚLTIMA TRANSACCIÓN
campo de control 20260310140655.0
007 - CAMPO FIJO DE DESCRIPCIÓN FÍSICA--INFORMACIÓN GENERAL
campo de control de longitud fija ta
008 - DATOS DE LONGITUD FIJA--INFORMACIÓN GENERAL
campo de control de longitud fija 260310e1994 dr bn|p|r||||||0| | spa d
040 ## - FUENTE DE LA CATALOGACIÓN
Centro catalogador/agencia de origen DO-SdBNP
Lengua de catalogación spa
Centro/agencia transcriptor BNPHU
Normas de descripción rda
041 ## - CÓDIGO DE LENGUA
Código de lengua original spa
245 ## - MENCIÓN DE TÍTULO
Título Revista acna /
Mención de responsabilidad, etc. Asociación de Comerciantes de Neumáticos y Accesorios.
264 ## - PRODUCCIÓN, PUBLICACIÓN, DISTRIBUCIÓN, FABRICACIÓN Y COPYRIGHT
Producción, publicación, distribución, fabricación y copyright Santo Domingo, República Dominicana :
Nombre del de productor, editor, distribuidor, fabricante Asociación de Comerciantes de Neumáticos y Accesorios,
Fecha de producción, publicación, distribución, fabricación o copyright 1994.
300 ## - DESCRIPCIÓN FÍSICA
Extensión volumen :
Otras características físicas ilustraciones, fotografías, gráficas ;
Dimensiones 27.5 cm.
310 ## - PERIODICIDAD ACTUAL
Periodicidad actual Bimestral.
336 ## - TIPO DE CONTENIDO
Término de tipo de contenido texto
Código de tipo de contenido txt
Fuente rdacontent
337 ## - TIPO DE MEDIO
Nombre/término del tipo de medio sin mediación
Código del tipo de medio n
Fuente rdamedia
338 ## - TIPO DE SOPORTE
Nombre/término del tipo de soporte volumen
Código del tipo de soporte nc
Fuente rdacarrier
362 ## - FECHAS DE PUBLICACIÓN Y/O DESIGNACIÓN SECUENCIAL
Fecha de publicación y/o designación secuencial Año 2, No. 4, mayo-junio 1994.
500 ## - NOTA GENERAL
Nota general Catalogación basada en el: Año 2, No. 4, mayo-junio 1994.
650 ## - PUNTO DE ACCESO ADICIONAL DE MATERIA--TÉRMINO DE MATERIA
9 (RLIN) 50147
Término de materia o nombre geográfico como elemento de entrada Asociación de Comerciantes de Neumáticos y Accesorios
Subdivisión de forma Publicaciones periódicas
Subdivisión geográfica República Dominicana
942 ## - ELEMENTOS DE PUNTO DE ACCESO ADICIONAL (KOHA)
Fuente del sistema de clasificación o colocación Dewey Decimal Classification
Tipo de ítem Koha Publicación periódica
Holdings
Estado de retiro Estado de pérdida Fuente del sistema de clasificación o colocación Estado dañado Restricciones de uso No para préstamo Código de colección Localización permanente Ubicación/localización actual Fecha de adquisición Enumeración/cronología de publicación seriada Total de préstamos Código de barras Fecha visto por última vez Número de copia Precio válido a partir de Tipo de ítem Koha Nota pública
    Dewey Decimal Classification   Préstamo en sala   Hemeroteca Biblioteca Nacional Pedro Henríquez Ureña Biblioteca Nacional Pedro Henríquez Ureña 10.03.2026 Año 2, No. 4, mayo-junio 1994   2026-1855 10.03.2026 e.1 10.03.2026 Publicación periódica El país espera elecciones ejemplares.
    Dewey Decimal Classification   Préstamo en sala   Hemeroteca Biblioteca Nacional Pedro Henríquez Ureña Biblioteca Nacional Pedro Henríquez Ureña 10.03.2026 Año 2, No. 4, mayo-junio 1994   2026-1862 10.03.2026 e.2 10.03.2026 Publicación periódica El país espera elecciones ejemplares.
    Dewey Decimal Classification   Préstamo en sala   Hemeroteca Biblioteca Nacional Pedro Henríquez Ureña Biblioteca Nacional Pedro Henríquez Ureña 10.03.2026 Año 2, No. 5, agosto 1994   2026-1863 10.03.2026 e.1 10.03.2026 Publicación periódica Reducción de la Taza de Interés.
    Dewey Decimal Classification   Préstamo en sala   Hemeroteca Biblioteca Nacional Pedro Henríquez Ureña Biblioteca Nacional Pedro Henríquez Ureña 10.03.2026 Año 2, No. 6, noviembre 1994   2026-1864 10.03.2026 e.1 10.03.2026 Publicación periódica ACNA, celebra con éxito su cuarto aniversario.
    Dewey Decimal Classification   Préstamo en sala   Hemeroteca Biblioteca Nacional Pedro Henríquez Ureña Biblioteca Nacional Pedro Henríquez Ureña 10.03.2026 Año 3, No. 7, marzo 1995   2026-1865 10.03.2026 e.1 10.03.2026 Publicación periódica ACNA, realiza múltiples actividades.
    Dewey Decimal Classification   Préstamo en sala   Hemeroteca Biblioteca Nacional Pedro Henríquez Ureña Biblioteca Nacional Pedro Henríquez Ureña 10.03.2026 Año 3, No. 8, julio 1995   2026-1867 10.03.2026 e.1 10.03.2026 Publicación periódica Gregorio Ramos nuevo presidente de la ACNA.

Powered by Koha